| 000 | 00348nam a22001457a 4500 | ||
|---|---|---|---|
| 020 | _a978-81-312-4399-2 | ||
| 082 | _a616.0707,O15N | ||
| 100 | _aNEVILLE,BRAD.W. | ||
| 245 | _aORAL AND MAXILLOFACIAL PATHOLOGY | ||
| 250 | _a1ST SOUTH ASIA | ||
| 260 |
_aNEW DELHI _bELSEVIER _c2015 |
||
| 300 | _a912 | ||
| 650 | _aORAL PATHOLOGY | ||
| 942 |
_2ddc _cBK |
||
| 999 |
_c9812 _d9812 |
||